• 首页
  • 本馆介绍
  • 公告通知
  • 最新文献
  • 馆藏检索
  • 电子资源
  • 读者导购
  • 参考咨询
  • 我的图书馆
  • 登录
  • 期刊详细显示
  • 现刊情况显示
  • 合订本情况显示
  • 篇目信息显示

期刊信息

  • 表格格式
  • 工作单格式
  • 卡片格式
索取号 
D920/FLYSH
题名 
法律与生活
作者 
法律出版社
分册号 
分册名 
出版地 
北京
出版者 
法律与生活杂志社
标准刊号 
1002-7173
出版频率 
半月
中图法分类 
D920
主题词 
法律 中国
电子资源 
000 00552nas0 2200205 45
001 0763953927
005 20241012095127.83
011    @a1002-7173@dCNY5.50(2011)
091    @aCN11-1336
100    @a20070917d km y0chiy0120 ea
101 0  @achi
110    @aaeaz 0xx0
200 1  @a法律与生活@AFa Lu Yu Sheng Huo@f法律出版社@FFa Lu Chu Ban She
210    @a北京@c法律与生活杂志社
326    @a半月
606 0  @a法律@x中国
690    @aD920@v4
711 02 @a法律出版社@AFa Lu Chu Ban She
801  0 @aCN@bPFT@c20070917
905    @a213230@dD920@eFLYSH
    
    法律与生活/法律出版社.-北京:法律与生活杂志社
    
    
    
    ISSN 1002-7173:CNY5.50(2011)
    
●
相关链接: 在易读查询期刊 在中国知网中查询期刊 在万方数据查询期刊 在维普查询期刊
唐山师范学院图书馆 欢迎您!
大连网信软件有限公司© 版权所有